000 00348nam a2200145Ia 4500
008 230312s9999||||xx |||||||||||||| ||und||
020 _a0-914168-80-0
082 _a611.0022
_bNET-A
100 _aNetter;Frank.H
245 0 _aAtlas of Human Anatomy
260 _bNovartis
_aUSA
_c1997
300 _a529
650 _aMedical
_vAnatomy
942 _cBK
999 _c11409
_d11409